|
|
|
|
| LEADER |
00000naa2a2200000 4500 |
| 001 |
426416 |
| 005 |
20231101074523.0 |
| 035 |
|
|
|a (RuTPU)RU\TPU\prd\85161
|
| 035 |
|
|
|a RU\TPU\prd\45126
|
| 090 |
|
|
|a 426416
|
| 100 |
|
|
|a 20100705a2006 k y0rusy50 ca
|
| 101 |
0 |
|
|a rus
|
| 102 |
|
|
|a RU
|
| 200 |
1 |
|
|a Расчетная оценка динамической реакции ТУК-84 при испытаниях на аварийные условия перевозки
|f И. Л. Веселков [и др.]
|
| 225 |
1 |
|
|a Статьи
|
| 320 |
|
|
|a Библиогр.: 2 назв.
|
| 461 |
|
0 |
|0 (RuTPU)RU\TPU\prd\33
|x 0004-7163
|t Атомная энергия
|o теоретический и научно-технический журнал
|f Российская академия наук ; Министерство РФ по атомной энергии, ядерного общества
|d 1956-
|
| 463 |
|
0 |
|0 (RuTPU)RU\TPU\prd\85156
|t Т. 100, вып. 6
|v с. 437-440
|d 2006
|
| 610 |
1 |
|
|a конечно-элементная модель ТУК-84
|
| 610 |
1 |
|
|a расчетные оценки
|
| 610 |
1 |
|
|a испытания
|
| 610 |
1 |
|
|a параметры
|
| 610 |
1 |
|
|a динамические реакции
|
| 610 |
1 |
|
|a контейниеры
|
| 610 |
1 |
|
|a расчёные модели
|
| 610 |
1 |
|
|a аварийные перевозки
|
| 610 |
1 |
|
|a напряженно-деформированное состояние
|
| 675 |
|
|
|a 621.039.546.3
|v 3
|
| 701 |
|
1 |
|a Веселков
|b И. Л.
|
| 701 |
|
1 |
|a Самарин
|b Ю. А.
|
| 701 |
|
1 |
|a Свидлов
|b А. В.
|
| 701 |
|
1 |
|a Твердохлебов
|b Ю. П.
|
| 801 |
|
1 |
|a RU
|b 63413507
|c 20060825
|g PSBO
|
| 801 |
|
2 |
|a RU
|b 63413507
|c 20100705
|g RCR
|
| 942 |
|
|
|c BK
|